000 01593cam a22005054i 4500
003 PE-LiUPU
005 20250731165641.0
008 150616s r 000 0 d
020 _a0391009419
035 _a(Sirsi) i9780391009417
040 _aPE-LiUPU
_bspa
_cPE-LiUPU
_erda
049 _aPRUA
082 0 4 _a103d
_bR34
_221
100 1 _aReese, William L.,
_eautor.
245 1 0 _aDictionary of Philosophy and Religion /
_cWilliam L. Reese.
264 1 _aNew Jersey :
_bHumanities Press,
_c1994.
300 _a644 páginas ;
_c23 centímetros
336 _atext
_2rdacontent
337 _aunmediated
_2rdamedia
338 _avolume
_2rdacarrier
505 0 _aDiccionario de Filosofía de palabras de religión de Oriente y Occidente.
526 _aSEG44
526 _aSEG26
526 _aP151
526 _aP150
526 _aP149
526 _aP146
526 _aP145
526 _aP126
526 _aP125
526 _aP92
526 _aP75
526 _aP74
526 _aP27
526 _aP15
650 0 4 _aFilosofía
_vDiccionarios.
650 0 4 _aReligión
_vDiccionarios.
910 _ajck
_bjvq
_cjck
942 _2ddc
_cBOOK
949 _aRC 103D R34
_wDEWEY
_c1
_i40590
_lCCODEBUL1
_mBUL
_r0
_sY
_tBOOK
_u2015-6-16
_xSALUD
_zUNKNOWN
_0COMPRA
_o.STAFF. Colección General
994 _aC0
_bPEPRU
596 _a1
999 _aRC 103D R34
_wDEWEY
_c58375
_i40590
_f2021-11-8
_g5
_lRCG
_mBUL
_r1
_sY
_tBOOK
_u2015-6-16
_xBIBLIOTECA
_zUNKNOWN
_0COMPRA
_o.STAFF. Colección General
_d58375
980 _81
_gALBERTO SANCHEZ Responsable de Automatización